000 00399nam a2200169Ia 4500
005 20250423094631.0
008 250422s9999 xx 000 0 und d
020 _a0- 7575- 1081- 7
050 _aQH315.B85/
100 _aCarlo Parravano
245 0 _aBSCS Biology: an ecological approach
250 _a10th ed.
260 _bKendall/ Hunt
260 _c2006
300 _a838 p
942 _cBK
999 _c27832
_d27832